[Event "67th Moscow Blitz 2013"]
[Site "Moscow RUS"]
[Date "2013.09.01"]
[Round "11"]
[White "Mozharov, Mikhail"]
[Black "Ulko, Jaroslav"]
[Result "1/2-1/2"]
[WhiteTitle "IM"]
[BlackTitle "IM"]
[WhiteElo "2508"]
[BlackElo "2443"]
[WhiteFideId "4189825"]
[BlackFideId "4116658"]
[EventDate "2013.09.01"]

1. d4 Nf6 2. c4 g6 3. Nc3 Bg7 4. e4 d6 5. f4 O-O 6. Nf3 c5 7. d5 e6 8. Be2 exd5
9. cxd5 Nbd7 10. O-O Re8 11. Nd2 c4 12. Bxc4 Nc5 13. Qc2 Bd7 14. Kh1 Rc8 15. e5
dxe5 16. fxe5 Rxe5 17. Nf3 Rh5 18. Bf4 Bf5 19. Qe2 Nfe4 20. Nxe4 Nxe4 21. Bd3
Nd6 22. Rad1 Bxd3 23. Rxd3 Rf5 24. Bg3 Qd7 25. b3 Re8 26. Qd2 Ne4 27. Qe1 Nxg3+
28. Qxg3 Rxd5 29. Rxd5 Qxd5 30. Qc7 h6 31. h3 a6 32. Rc1 Bf6 33. Rf1 Kg7 34. Qc2
Qe4 35. Qc7 Re7 36. Qc8 Qf4 37. Qc2 Be5 38. Re1 Qg3 39. Qc5 Bd6 40. Qd4+ Kh7 41.
Rd1 Bf4 42. Qd8 Re2 43. Rg1 Be3 44. Qf6 Kg8 45. Qd8+ Kg7 46. Qd3 Qf2 47. Qc3+
Kh7 48. Qc7 Kg8 49. Qc8+ Kg7 50. Qc3+ Kf8 51. Qh8+ Ke7 52. Qe5+ Kf8 53. Qh8+ Ke7
54. Qe5+ Kf8 55. Qh8+ 1/2-1/2

[Event "67th Moscow Blitz 2013"]
[Site "Moscow RUS"]
[Date "2013.09.01"]
[Round "11"]
[White "Demidov, Mikhail"]
[Black "Belous, Vladimir"]
[Result "1-0"]
[WhiteTitle "IM"]
[BlackTitle "GM"]
[WhiteElo "2503"]
[BlackElo "2554"]
[WhiteFideId "4197143"]
[BlackFideId "4174003"]
[EventDate "2013.09.01"]

1. d4 c5 2. dxc5 Nf6 3. Nf3 e6 4. Be3 Na6 5. g3 Nxc5 6. Bg2 Be7 7. O-O O-O 8. c4
d5 9. Nc3 dxc4 10. Ne5 Qc7 11. Nxc4 Nce4 12. Nxe4 Qxc4 13. Nd6 Qa6 14. Nxc8
Raxc8 15. Qb3 b6 16. Bf3 Nd7 17. Bd4 Nc5 18. Qe3 Rfd8 19. Rfd1 Qb5 20. b3 Rd7
21. Bb2 Rcd8 22. Rxd7 Rxd7 23. Qf4 Rd8 24. Kg2 Qd7 25. Qg4 Bf8 26. Bc3 Qc7 27.
Rc1 Qd7 28. e3 a5 29. Rd1 Qc8 30. Rxd8 Qxd8 31. Qd4 Qc7 32. Qc4 Qd7 33. Qd4 Qc7
34. h4 h6 35. Bb2 Nd7 36. Qe4 Nc5 37. Qc6 Qd8 38. Bd4 Be7 39. Be5 Nd3 40. Bc3
Bc5 41. Qa8 Qxa8 42. Bxa8 Nc1 43. a4 Nxb3 44. Bc6 Nc1 45. Bb5 Kf8 46. Bc4 Ba3
47. Kf1 Ke7 48. Bxg7 h5 49. Ke1 Kd6 50. Bf8+ 1-0

[Event "67th Moscow Blitz 2013"]
[Site "Moscow RUS"]
[Date "2013.09.01"]
[Round "11"]
[White "Riazantsev, Alexander"]
[Black "Karjakin, Sergey"]
[Result "1-0"]
[WhiteTitle "GM"]
[BlackTitle "GM"]
[WhiteElo "2700"]
[BlackElo "2772"]
[WhiteFideId "4125029"]
[BlackFideId "14109603"]
[EventDate "2013.09.01"]

1. d4 Nf6 2. c4 e6 3. Nf3 b6 4. a3 Bb7 5. Nc3 d5 6. cxd5 Nxd5 7. e3 g6 8. Bb5+
c6 9. Bd3 Bg7 10. O-O O-O 11. Ne4 Qc7 12. Bd2 Nd7 13. Rc1 Rad8 14. Bc4 Qb8 15.
b4 e5 16. Qb3 exd4 17. exd4 b5 18. Bxd5 cxd5 19. Nc5 Nb6 20. Ne5 Qa8 21. Bf4 Nc4
22. Rfe1 Bc8 23. a4 bxa4 24. Qxa4 Rde8 25. h3 Qb8 26. Nxg6 Qb6 27. Rxe8 hxg6 28.
Rce1 Qf6 29. Be5 Nxe5 30. dxe5 Qf5 31. Rxf8+ Bxf8 32. Qe8 Be6 33. Nxe6 fxe6 34.
Rc1 Kg7 35. Rc7+ Kh6 36. Rf7 Qb1+ 37. Kh2 Bg7 38. Qxe6 Qxb4 39. Qxd5 a5 40. g3
Qb2 41. e6 a4 42. e7 Qe2 43. Qd7 1-0

[Event "67th Moscow Blitz 2013"]
[Site "Moscow RUS"]
[Date "2013.09.01"]
[Round "12"]
[White "Belous, Vladimir"]
[Black "Riazantsev, Alexander"]
[Result "0-1"]
[WhiteTitle "GM"]
[BlackTitle "GM"]
[WhiteElo "2554"]
[BlackElo "2700"]
[WhiteFideId "4174003"]
[BlackFideId "4125029"]
[EventDate "2013.09.01"]

1. d4 d5 2. c4 c6 3. Nf3 dxc4 4. a4 Bg4 5. e3 e6 6. Bxc4 Nf6 7. O-O Be7 8. Nc3
O-O 9. Qe2 c5 10. dxc5 Bxc5 11. Rd1 Qe7 12. h3 Bh5 13. e4 Nc6 14. g4 Nxg4 15.
hxg4 Bxg4 16. e5 Nd4 17. Rxd4 Bxd4 18. Bf4 Rac8 19. Kg2 f6 20. Qd3 Bxf3+ 21.
Kxf3 fxe5 22. Ne2 Rcd8 23. Rh1 g6 24. Qe4 Bxb2 25. Kg4 Rd4 26. Nxd4 Rxf4+ 27.
Qxf4 exf4 28. Nxe6 Kh8 29. Rd1 h5+ 30. Kf3 Bf6 31. Nxf4 Kg7 32. Rg1 Qa3+ 33. Bd3
g5 34. Nxh5+ Kh6 35. Nxf6 Qxd3+ 36. Kg2 Qf5 37. Rh1+ Kg6 38. Nh5 Qe4+ 39. f3
Qxa4 40. Ng3 Qc2+ 41. Kh3 Qc8+ 42. Kg2 a5 43. Re1 a4 44. Ne4 a3 45. Kg3 a2 46.
Rd1 Qc6 47. Kg4 b5 0-1

[Event "67th Moscow Blitz 2013"]
[Site "Moscow RUS"]
[Date "2013.09.01"]
[Round "12"]
[White "Reshetnikov, Alexey"]
[Black "Demidov, Mikhail"]
[Result "1-0"]
[WhiteTitle "IM"]
[BlackTitle "IM"]
[WhiteElo "2497"]
[BlackElo "2503"]
[WhiteFideId "4162080"]
[BlackFideId "4197143"]
[EventDate "2013.09.01"]

1. c4 b6 2. Nc3 Bb7 3. d4 e6 4. e4 d6 5. Nf3 a6 6. Be2 Be7 7. O-O Nd7 8. Re1 g5
9. Bf1 h5 10. d5 e5 11. Nd2 g4 12. b4 Nh6 13. Nb3 Bg5 14. c5 Bc8 15. Be3 h4 16.
Qd2 Bxe3 17. fxe3 Qg5 18. Bd3 Nf8 19. Rac1 Bd7 20. Qe2 Ng6 21. Bxa6 O-O 22. Bb5
Bc8 23. cxd6 cxd6 24. Na4 Rb8 25. Rc6 Qd8 26. Nd2 Ne7 27. Rcc1 f5 28. exf5 Nexf5
29. Nc3 Bd7 30. Nde4 Rc8 31. a4 Kg7 32. Bxd7 Qxd7 33. Nb5 Rxc1 34. Rxc1 Rc8 35.
Rf1 Ra8 36. Rc1 Rc8 37. Rf1 Ra8 38. Ng5 Rxa4 39. Ne6+ Kg8 40. e4 Rxb4 41. Nbc7
Nd4 42. Qd2 Rc4 43. Qxh6 Ne2+ 44. Kh1 Nf4 45. Qf8+ Kh7 46. Qf5+ Kh8 47. Qf6+ Kg8
48. Qg5+ Kh8 49. Qxh4+ Qh7 1-0

[Event "67th Moscow Blitz 2013"]
[Site "Moscow RUS"]
[Date "2013.09.01"]
[Round "12"]
[White "Savchenko, Boris"]
[Black "Gunina, Valentina"]
[Result "1-0"]
[WhiteTitle "GM"]
[BlackTitle "GM"]
[WhiteElo "2602"]
[BlackElo "2506"]
[WhiteFideId "4147332"]
[BlackFideId "4167570"]
[EventDate "2013.09.01"]

1. e4 c6 2. d4 d5 3. Nc3 dxe4 4. Nxe4 Bf5 5. Ng3 Bg6 6. N3e2 e6 7. Nf4 Bd6 8.
Nxg6 hxg6 9. Nf3 Nf6 10. g3 Nbd7 11. Bg2 Qa5+ 12. c3 O-O 13. O-O Rad8 14. Re1 e5
15. Be3 exd4 16. Bxd4 Qc7 17. Ng5 Bc5 18. Re2 Nb6 19. Ne4 Bxd4 20. cxd4 Nxe4 21.
Rxe4 Rfe8 22. Rxe8+ Rxe8 23. Qc2 Qd6 24. Rd1 Nd5 25. Bf3 Re7 26. a3 a6 27. Kg2
Rd7 28. h4 Qf6 29. b4 Ne7 30. Qc5 Nf5 31. d5 cxd5 32. Rxd5 Re7 33. Rd8+ Kh7 34.
Qc8 Ne3+ 35. fxe3 Qb2+ 36. Kh3 g5 37. Rh8+ Kg6 38. e4 1-0

[Event "67th Moscow Blitz 2013"]
[Site "Moscow RUS"]
[Date "2013.09.01"]
[Round "12"]
[White "Popov, Ivan RUS"]
[Black "Mozharov, Mikhail"]
[Result "1/2-1/2"]
[WhiteTitle "GM"]
[BlackTitle "IM"]
[WhiteElo "2656"]
[BlackElo "2508"]
[WhiteFideId "4170350"]
[BlackFideId "4189825"]
[EventDate "2013.09.01"]

1. e4 c5 2. Nf3 e6 3. d4 cxd4 4. Nxd4 a6 5. c4 Qc7 6. Nc3 d6 7. Be2 Nf6 8. O-O
b6 9. Be3 Bb7 10. f3 Nbd7 11. Rc1 Rc8 12. b4 Be7 13. Nb3 O-O 14. a3 Rfe8 15. Qd2
Qb8 16. Rfd1 Bd8 17. Bf4 Ne5 18. Bxe5 dxe5 19. Qe3 h6 20. c5 b5 21. g3 Nh7 22.
h4 f5 23. exf5 exf5 24. Nd5 Nf6 25. Nxf6+ Bxf6 26. Rd6 f4 27. Qf2 Be7 28. Rb6
Bd8 29. Rd6 Be7 30. Rb6 1/2-1/2

[Event "67th Moscow Blitz 2013"]
[Site "Moscow RUS"]
[Date "2013.09.01"]
[Round "13"]
[White "Korotylev, Alexey"]
[Black "Ulko, Jaroslav"]
[Result "0-1"]
[WhiteTitle "GM"]
[BlackTitle "IM"]
[WhiteElo "2573"]
[BlackElo "2443"]
[WhiteFideId "4119142"]
[BlackFideId "4116658"]
[EventDate "2013.09.01"]

1. Nf3 Nf6 2. c4 g6 3. Nc3 Bg7 4. e4 d6 5. d4 O-O 6. Be2 e5 7. O-O Nc6 8. d5 Ne7
9. Nd2 a5 10. a3 Nd7 11. Rb1 f5 12. b4 axb4 13. axb4 Kh8 14. f3 Ng8 15. Qc2 Ngf6
16. Nb5 b6 17. Nb3 Nh5 18. c5 bxc5 19. bxc5 fxe4 20. fxe4 Nf4 21. Bc4 Nf6 22.
Bxf4 exf4 23. N3d4 Ng4 24. Rf3 Ne5 25. Rf2 dxc5 26. Ne6 Bxe6 27. dxe6 c6 28. Rd2
Qg5 29. Nd6 Nf3+ 30. Kh1 Nxd2 31. Qxd2 Bd4 32. Nf7+ Rxf7 33. exf7 Qf6 34. Rf1
Be5 35. Qd7 Rf8 36. h3 Kg7 37. Qe8 h5 38. Rd1 f3 39. Bf1 fxg2+ 40. Bxg2 Qf4 41.
Kg1 Qe3+ 42. Kh1 Qg3 43. Kg1 Qe3+ 44. Kh1 Qf4 45. Kg1 Bd4+ 46. Kh1 Be5 47. Kg1
Rxf7 48. Kh1 Qh2# 0-1

[Event "67th Moscow Blitz 2013"]
[Site "Moscow RUS"]
[Date "2013.09.01"]
[Round "13"]
[White "Riazantsev, Alexander"]
[Black "Reshetnikov, Alexey"]
[Result "1-0"]
[WhiteTitle "GM"]
[BlackTitle "IM"]
[WhiteElo "2700"]
[BlackElo "2497"]
[WhiteFideId "4125029"]
[BlackFideId "4162080"]
[EventDate "2013.09.01"]

1. d4 d5 2. c4 c6 3. Nc3 Nf6 4. e3 a6 5. Nf3 e6 6. b3 Bb4 7. Bd2 O-O 8. Bd3 Nbd7
9. O-O Bd6 10. Qc2 e5 11. cxd5 cxd5 12. e4 exd4 13. Nxd5 Nxd5 14. exd5 Nf6 15.
h3 h6 16. Rad1 Nxd5 17. Bc4 Nf4 18. Bxf4 Bxf4 19. Rxd4 Qf6 20. Qe4 Bc7 21. Rfd1
Rb8 22. Qc2 Bxh3 23. gxh3 Qxf3 24. Bd5 Qxh3 25. Qxc7 Rbc8 26. Qg3 Qh5 27. Bxb7
Rc5 28. Bf3 Qf5 29. Rg4 g6 30. Be4 Qh5 31. Qh4 1-0

[Event "67th Moscow Blitz 2013"]
[Site "Moscow RUS"]
[Date "2013.09.01"]
[Round "14"]
[White "Belous, Vladimir"]
[Black "Glek, Igor"]
[Result "1-0"]
[WhiteTitle "GM"]
[BlackTitle "GM"]
[WhiteElo "2554"]
[BlackElo "2460"]
[WhiteFideId "4174003"]
[BlackFideId "4100484"]
[EventDate "2013.09.01"]

1. d4 d6 2. Nf3 Bg4 3. e3 g6 4. h3 Bd7 5. Be2 Bg7 6. O-O Nf6 7. c4 O-O 8. Nc3 c5
9. d5 e6 10. e4 exd5 11. exd5 Bf5 12. Nh4 Bd7 13. Nf3 Bf5 14. Nh4 Bd7 15. Nf3
Bf5 16. Nh4 Bd7 17. Bd3 Na6 18. Nf3 Nc7 19. Bf4 Nfe8 20. Ne4 Bf5 21. Qd2 b5 22.
Rfe1 bxc4 23. Bxc4 Rb8 24. Bb3 Rb4 25. Ng3 Bd7 26. Bg5 Qb8 27. Be7 c4 28. Bc2
Rxb2 29. Bxf8 Kxf8 30. Rab1 c3 31. Qe2 Kg8 32. Qe7 Bb5 33. Ng5 Rxc2 34. Qxf7+
Kh8 35. a4 Rb2 36. axb5 Rxb1 37. Rxb1 Qd8 38. Ne6 Qf6 39. Qxf6 Bxf6 40. Ne4 Nxd5
41. Rd1 Be5 42. f4 Nxf4 43. Nxf4 Bxf4 44. Nxc3 Nc7 45. Rb1 Be5 46. Ne4 d5 47.
Nd2 Bd4+ 48. Kf1 Bb6 49. Ke2 Kg7 50. Kd3 Kf6 51. Nf3 Ke6 52. Nd4+ Ke5 53. Re1+
Kd6 54. Re6+ Kd7 55. Rf6 Ke7 56. Rf1 h5 57. Nc6+ Kd6 58. Rf6+ Kc5 59. Nd4 Nxb5
60. Nxb5 Kxb5 61. Rxg6 h4 62. g3 hxg3 63. Rxg3 Bd8 64. Rg4 a5 65. h4 a4 66. h5
a3 67. Kc3 Bf6+ 68. Kb3 Bb2 69. h6 d4 70. Rg3 Kc5 71. h7 1-0

[Event "67th Moscow Blitz 2013"]
[Site "Moscow RUS"]
[Date "2013.09.01"]
[Round "14"]
[White "Kovalenko, Igor"]
[Black "Demidov, Mikhail"]
[Result "1-0"]
[WhiteTitle "GM"]
[BlackTitle "IM"]
[WhiteElo "2644"]
[BlackElo "2503"]
[WhiteFideId "14117908"]
[BlackFideId "4197143"]
[EventDate "2013.09.01"]

1. d4 e6 2. Nf3 b6 3. c4 Bb7 4. Nc3 Be7 5. e4 d6 6. Bd3 Nd7 7. Be3 a6 8. Qd2 c5
9. d5 exd5 10. exd5 Ngf6 11. O-O O-O 12. a4 Re8 13. h3 Bf8 14. Rfe1 Qc7 15. g4
Rad8 16. Bg5 Bc8 17. Bf5 Rxe1+ 18. Rxe1 Re8 19. Bxd7 Rxe1+ 20. Qxe1 Nxd7 21. Qe8
Nb8 22. Bd8 Qd7 23. Qxd7 Nxd7 24. Ne4 Bb7 25. Bc7 b5 26. b3 bxc4 27. bxc4 g6 28.
a5 f5 29. gxf5 gxf5 30. Nxd6 Ba8 31. Nxf5 Nf6 32. Ng5 Bxd5 33. cxd5 Nxd5 34. Bb6
Nf4 35. Kf1 c4 36. h4 Bb4 37. Ne4 c3 38. Nd4 Nd5 39. Nc2 Be7 40. h5 Kf7 41. Ke2
Nf4+ 42. Kf3 Nxh5 43. Nxc3 Nf6 44. Nd4 Nd7 45. Nd5 Bd6 46. Ke4 h5 47. Nf5 Bb8
48. f4 Ke6 49. Nd4+ Kd6 50. Ne3 Ke7 51. Kf5 h4 52. Kg4 h3 53. Kxh3 Bxf4 54. Nd5+
Kd6 55. Nxf4 1-0

[Event "67th Moscow Blitz 2013"]
[Site "Moscow RUS"]
[Date "2013.09.01"]
[Round "14"]
[White "Savchenko, Boris"]
[Black "Eliseev, Urii"]
[Result "0-1"]
[WhiteTitle "GM"]
[BlackTitle "IM"]
[WhiteElo "2602"]
[BlackElo "2550"]
[WhiteFideId "4147332"]
[BlackFideId "24131920"]
[EventDate "2013.09.01"]

1. e4 c5 2. Nf3 d6 3. d4 cxd4 4. Nxd4 Nf6 5. Nc3 Nc6 6. Bg5 e6 7. Qd2 a6 8.
O-O-O Bd7 9. f3 h6 10. Be3 b5 11. g4 Qc7 12. Nxc6 Bxc6 13. Kb1 Be7 14. h4 Nd7
15. Qf2 b4 16. Ne2 d5 17. exd5 Bxd5 18. Nf4 Bb7 19. Nh5 g6 20. Bf4 Qc6 21. Ng7+
Kf8 22. Qd4 Nf6 23. Be2 Rc8 24. Rd2 Kxg7 25. g5 hxg5 26. Bxg5 Rhd8 27. Qf4 Nd5
28. Bh6+ Kg8 29. Qe4 Nf6 30. Rxd8+ Rxd8 31. Qe5 Qd5 32. Qc7 Bd6 33. Qb6 Bc5 34.
Qc7 Ne8 35. Qg3 Bd6 36. Qf2 Ng7 37. Bg5 Rc8 38. Qg2 Qf5 39. Bd1 Nh5 40. Qd2 Qd5
41. Qg2 Be5 42. Qg4 Qd4 43. Qxd4 Bxd4 44. Re1 e5 45. Be7 a5 46. Be2 Bc6 47. Rd1
Nf4 48. Ba6 Re8 49. Bg5 Bxf3 50. Re1 Ne6 51. Bf6 Nc5 52. Bb5 Re6 53. Bg5 Ne4 54.
Bh6 Kh7 55. Bc1 Rb6 56. Bd7 Kg7 57. Rf1 Bh5 58. Ba4 Nc5 59. Be8 f5 60. b3 Kf8
61. Rxf5+ gxf5 62. Bxh5 0-1

[Event "67th Moscow Blitz 2013"]
[Site "Moscow RUS"]
[Date "2013.09.01"]
[Round "14"]
[White "Ulko, Jaroslav"]
[Black "Gunina, Valentina"]
[Result "1-0"]
[WhiteTitle "IM"]
[BlackTitle "GM"]
[WhiteElo "2443"]
[BlackElo "2506"]
[WhiteFideId "4116658"]
[BlackFideId "4167570"]
[EventDate "2013.09.01"]

1. d4 d5 2. c4 c6 3. cxd5 cxd5 4. Nc3 Nf6 5. Nf3 Nc6 6. Bf4 e6 7. e3 Be7 8. h3
O-O 9. Bd3 Bd7 10. Rc1 Qa5 11. O-O Rfc8 12. a3 Be8 13. Qb3 Qd8 14. Qa2 Na5 15.
Nd2 Bd6 16. Bxd6 Qxd6 17. b4 Nc6 18. f4 Ne7 19. Nf3 Rc7 20. Rc2 Rac8 21. Rfc1 a6
22. Qb3 Qb6 23. Na4 Bxa4 24. Qxa4 g6 25. Ne5 Kg7 26. g4 Ne4 27. Bxe4 dxe4 28.
Rc5 Nd5 29. Qb3 a5 30. Nc4 Rxc5 31. dxc5 Qb5 32. Qb2+ f6 33. g5 Rd8 34. gxf6+
Nxf6 35. Qe5 Rd5 36. Qxe6 Qd7 37. Qxd7+ Rxd7 38. Nxa5 Nh5 39. b5 Rc7 40. b6 Rd7
41. Nxb7 Rxb7 42. c6 1-0

[Event "67th Moscow Blitz 2013"]
[Site "Moscow RUS"]
[Date "2013.09.01"]
[Round "14"]
[White "Popov, Ivan RUS"]
[Black "Korotylev, Alexey"]
[Result "1-0"]
[WhiteTitle "GM"]
[BlackTitle "GM"]
[WhiteElo "2656"]
[BlackElo "2573"]
[WhiteFideId "4170350"]
[BlackFideId "4119142"]
[EventDate "2013.09.01"]

1. e4 d6 2. d4 g6 3. Nc3 Bg7 4. f4 Nf6 5. Bd3 Na6 6. Nf3 c5 7. d5 Nc7 8. a4 b6
9. O-O a6 10. Re1 O-O 11. h3 Rb8 12. Qe2 Qd7 13. Qf2 b5 14. axb5 axb5 15. Ra7
Bb7 16. b3 b4 17. Na4 Nb5 18. Ra5 Ba8 19. Bb2 Nc7 20. Nd2 e6 21. dxe6 Nxe6 22.
Nc4 Bc6 23. e5 Nh5 24. f5 Nef4 25. Be4 d5 26. Nxc5 Qc7 27. Na6 Qd8 28. Nxb8 Qxb8
29. Bf3 dxc4 30. Bxc6 Qc7 31. Rc5 c3 32. Bc1 g5 33. Bf3 Qb6 34. Bxh5 1-0

[Event "67th Moscow Blitz 2013"]
[Site "Moscow RUS"]
[Date "2013.09.01"]
[Round "15"]
[White "Gunina, Valentina"]
[Black "Popov, Ivan RUS"]
[Result "1-0"]
[WhiteTitle "GM"]
[BlackTitle "GM"]
[WhiteElo "2506"]
[BlackElo "2656"]
[WhiteFideId "4167570"]
[BlackFideId "4170350"]
[EventDate "2013.09.01"]

1. d4 Nf6 2. c4 g6 3. Nc3 d5 4. Nf3 Bg7 5. Bg5 Ne4 6. cxd5 Nxg5 7. Nxg5 e6 8.
Nf3 exd5 9. e3 O-O 10. b4 Qd6 11. Qb3 c6 12. Be2 Bg4 13. O-O Nd7 14. b5 Nb6 15.
Rfc1 c5 16. dxc5 Qxc5 17. Nd4 Bxe2 18. Ncxe2 Nc4 19. Rc2 Rac8 20. Rac1 Rfd8 21.
g3 h5 22. h4 Qb6 23. Nf3 Na5 24. Qd3 Rxc2 25. Rxc2 Nc4 26. a4 Ne5 27. Nxe5 Bxe5
28. Kg2 Kg7 29. Rd2 Qa5 30. e4 Qxa4 31. exd5 a6 32. bxa6 bxa6 33. Qe3 Bf6 34.
Nf4 Qb4 35. Rc2 Qb7 36. Qe4 Qd7 37. Rc6 Re8 38. Qf3 Be5 39. Nd3 Bd6 40. Rxa6 Re7
41. Rc6 Kh7 42. Rc4 Kg7 43. Re4 Rxe4 44. Qxe4 Qb5 45. Qd4+ Kg8 46. Nb2 Bc5 47.
Qe5 Ba3 48. Nd1 Qd3 49. Ne3 Bc5 50. Qe8+ Kg7 51. Qe5+ Kg8 52. Nf1 Bf8 53. Nh2
Bc5 54. Nf3 Bf8 55. Qd4 Qa6 56. Nd2 Bg7 57. Qe4 Qa5 58. Nc4 Qd8 59. d6 Bf8 60.
Qd5 Qd7 61. Ne5 1-0

[Event "67th Moscow Blitz 2013"]
[Site "Moscow RUS"]
[Date "2013.09.01"]
[Round "15"]
[White "Najer, Evgeniy"]
[Black "Ulko, Jaroslav"]
[Result "1-0"]
[WhiteTitle "GM"]
[BlackTitle "IM"]
[WhiteElo "2626"]
[BlackElo "2443"]
[WhiteFideId "4118987"]
[BlackFideId "4116658"]
[EventDate "2013.09.01"]

1. e4 c5 2. Nf3 d6 3. d4 cxd4 4. Nxd4 Nf6 5. Nc3 Nc6 6. Bg5 e6 7. Qd2 Be7 8.
O-O-O Nxd4 9. Qxd4 O-O 10. f4 Qa5 11. e5 dxe5 12. Qxe5 Qxe5 13. fxe5 Nd5 14.
Bxe7 Nxe7 15. Bd3 Nc6 16. Rhe1 Rd8 17. b4 Kf8 18. b5 Nb8 19. Re3 Ke7 20. Bxh7
Rxd1+ 21. Kxd1 g6 22. h4 Kf8 23. h5 Kg7 24. Bxg6 fxg6 25. Rg3 Nd7 26. Rxg6+ Kf7
27. Rg5 Nc5 28. h6 Bd7 29. Rg7+ Kf8 30. Ne4 Nxe4 31. Rxd7 Kg8 32. Rxb7 Nf2+ 33.
Ke2 Ng4 34. Rg7+ 1-0

[Event "67th Moscow Blitz 2013"]
[Site "Moscow RUS"]
[Date "2013.09.01"]
[Round "15"]
[White "Riazantsev, Alexander"]
[Black "Kovalenko, Igor"]
[Result "1-0"]
[WhiteTitle "GM"]
[BlackTitle "GM"]
[WhiteElo "2700"]
[BlackElo "2644"]
[WhiteFideId "4125029"]
[BlackFideId "14117908"]
[EventDate "2013.09.01"]

1. d4 f5 2. g3 Nf6 3. Bg2 g6 4. Nf3 Bg7 5. O-O O-O 6. c4 d6 7. Nc3 Nc6 8. d5 Na5
9. Qd3 c5 10. Rb1 Bd7 11. b3 a6 12. Bd2 Rb8 13. Ng5 Ng4 14. a4 h6 15. Nh3 Qe8
16. Kh1 g5 17. f4 Qh5 18. fxg5 hxg5 19. Bxg5 Rf7 20. Bh4 Qh6 21. Nd1 b5 22. axb5
axb5 23. Bg5 Qh5 24. Qd2 Ra8 25. Qa2 Be5 26. Bh4 Rff8 27. Qc2 bxc4 28. bxc4 Rf7
29. Nf4 Qh6 30. Bh3 Nf6 31. Ne3 Ne4 32. Bg2 Ng5 33. Qd3 Kg7 34. Bxg5 Qxg5 35.
Ne6+ Bxe6 36. dxe6 Rh8 37. exf7 Rxh2+ 38. Kg1 Qg6 39. f8=Q+ Kxf8 40. Qxf5+ Qxf5
41. Rxf5+ Ke8 1-0

[Event "67th Moscow Blitz 2013"]
[Site "Moscow RUS"]
[Date "2013.09.01"]
[Round "15"]
[White "Glek, Igor"]
[Black "Reshetnikov, Alexey"]
[Result "0-1"]
[WhiteTitle "GM"]
[BlackTitle "IM"]
[WhiteElo "2460"]
[BlackElo "2497"]
[WhiteFideId "4100484"]
[BlackFideId "4162080"]
[EventDate "2013.09.01"]

1. e4 c5 2. Nf3 e6 3. d3 Nc6 4. g3 Nge7 5. Bg2 g6 6. O-O Bg7 7. c3 d5 8. Qe2 O-O
9. e5 b5 10. Be3 d4 11. cxd4 cxd4 12. Nxd4 Bb7 13. Nxb5 Bxe5 14. Bc5 a6 15. N5c3
Bg7 16. Na3 Nd4 17. Bxd4 Bxg2 18. Kxg2 Qxd4 19. Nc4 Rfd8 20. Rad1 Rab8 21. Ne4
Nc6 22. f4 Qd5 23. Kh3 Nb4 24. b3 Nxd3 25. Ne5 Bxe5 26. fxe5 Qb5 27. Nd6 Nf4+ 0-1